[Event "Urals-ch 72nd"]
[Site "Tiumen"]
[Date "2014.03.22"]
[Round "3"]
[White "Razgoniaev, Sergey"]
[Black "Chukleev, Sergei"]
[Result "1-0"]
[WhiteElo "2177"]
[BlackElo "1917"]
[PlyCount "88"]
[EventDate "2014.03.20"]
[EventType "swiss"]
[EventRounds "9"]
[EventCountry "RUS"]
[SourceTitle "CBM 159 Extra"]
[Source "ChessBase"]
[SourceDate "2014.04.24"]
[SourceVersion "1"]
[SourceVersionDate "2014.04.24"]
[SourceQuality "1"]

1. e3 Nf6 2. f4 g6 3. Nf3 Bg7 4. c4 c5 5. Nc3 0-0 6. Be2 d6 7. 0-0 Na6 8. d3 Nc7 9. e4 Rb8 10. a4 a6 11. a5 b5 12. axb6 Rxb6 13. Qc2 Bd7 14. Bd2 Qb8 15. Ra2 Bc6 16. Rb1 Qb7 17. Nd5 Bxd5 18. exd5 Qa7 19. Ba5 Rb7 20. Rba1 Ra8 21. Bc3 Nfe8 22. Nd2 Bxc3 23. Qxc3 Qb6 24. Bf3 Qb4 25. Qc2 Ng7 26. g4 Rab8 27. b3 Ra7 28. Ra4 Qb6 29. Qa2 e6 30. Kg2 exd5 31. cxd5 Nge8 32. Rb1 Nb5 33. Nc4 Qd8 34. Qd2 Qf6 35. Rf1 Nd4 36. b4 cxb4 37. Rxb4 Rxb4 38. Qxb4 Qxf4 39. Nxd6 Nxd6 40. Qb8+ Kg7 41. Qxa7 Nxf3 42. Rxf3 Qxg4+ 43. Rg3 Qb4 44. Qf2 Nf5 1-0

[Event "Urals-ch 72nd"]
[Site "Tiumen"]
[Date "2014.03.21"]
[Round "2"]
[White "Pridorozhni, Aleksei"]
[Black "Razgoniaev, Sergey"]
[Result "1-0"]
[WhiteElo "2519"]
[BlackElo "2177"]
[PlyCount "91"]
[EventDate "2014.03.20"]
[EventType "swiss"]
[EventRounds "9"]
[EventCountry "RUS"]
[SourceTitle "CBM 159 Extra"]
[Source "ChessBase"]
[SourceDate "2014.04.24"]
[SourceVersion "1"]
[SourceVersionDate "2014.04.24"]
[SourceQuality "1"]

1. e4 e6 2. d4 d5 3. Nc3 Nf6 4. Bg5 Be7 5. e5 Nfd7 6. Bxe7 Qxe7 7. f4 a6 8. Nf3 c5 9. Qd2 Nc6 10. dxc5 Nxc5 11. Bd3 Bd7 12. Ne2 Rc8 13. 0-0 Nxd3 14. cxd3 0-0 15. Rac1 Qb4 16. Rfd1 Qxd2 17. Rxd2 f6 18. Re1 fxe5 19. Nxe5 Nxe5 20. fxe5 Rf5 21. Nd4 Rf4 22. Nc2 Kf8 23. Rf1 Rxf1+ 24. Kxf1 Ke7 25. Ke1 Be8 26. Rf2 Bg6 27. Kd2 Rc7 28. Nd4 Rc8 29. Rf4 Rc7 30. Nb3 Be8 31. Rb4 b5 32. Rf4 Bg6 33. Nd4 Rc8 34. b4 Be8 35. a3 Ra8 36. Nb3 Rc8 37. Rf1 Bd7 38. g3 Rc7 39. Rc1 Ra7 40. Ke3 Be8 41. Rc8 Bd7 42. Rb8 Rc7 43. Kd4 Bc8 44. Nc5 Kf7 45. Rb6 Ke7 46. h4 1-0

[Event "Khanty-Mansiysk Governor Cup 6th"]
[Site "Khanty-Mansiysk"]
[Date "2010.09.22"]
[Round "6"]
[White "Alavkin, Arseny Nailievich"]
[Black "Razgoniaev, Sergey"]
[Result "1-0"]
[WhiteElo "2454"]
[BlackElo "2119"]
[PlyCount "53"]
[EventDate "2010.09.17"]
[EventType "swiss"]
[EventRounds "10"]
[EventCountry "RUS"]
[SourceTitle "CBM 138 Extra"]
[Source "ChessBase"]
[SourceDate "2010.10.29"]
[SourceVersion "1"]
[SourceVersionDate "2010.10.29"]
[SourceQuality "1"]

1. e4 e6 2. d4 d5 3. Nc3 Nf6 4. Bg5 Be7 5. e5 Nfd7 6. Bxe7 Qxe7 7. f4 a6 8. Nf3 c5 9. Qd2 Nc6 10. dxc5 Nxc5 11. 0-0-0 Bd7 12. f5 b5 13. Qe3 g6 14. Rxd5 Na4 15. fxe6 Bxe6 16. Rd6 Nb4 17. Qe4 Nxa2+ 18. Nxa2 Rc8 19. Nb4 0-0 20. Bd3 a5 21. Nd5 Qa7 22. Nf6+ Kg7 23. Nh5+ Kg8 24. Nf6+ Kg7 25. Qh4 Rh8 26. Ne4 Rhe8 27. Nfg5 1-0

[Event "Khanty-Mansiysk Governor Cup-B 5th"]
[Site "Khanty-Mansiysk"]
[Date "2009.12.03"]
[Round "10"]
[White "Razgoniaev, Sergey"]
[Black "Korotkova, Ekaterina"]
[Result "1-0"]
[WhiteElo "2101"]
[BlackElo "2028"]
[PlyCount "40"]
[EventDate "2009.11.24"]
[EventType "swiss"]
[EventRounds "11"]
[EventCountry "RUS"]
[SourceTitle "EXT 2011"]
[Source "ChessBase"]
[SourceDate "2010.11.26"]
[SourceVersion "1"]
[SourceVersionDate "2010.11.26"]
[SourceQuality "1"]

1. Nf3 g6 2. d4 d6 3. Bg5 Bg7 4. c3 h6 5. Bh4 Nf6 6. e3 0-0 7. Bd3 Nbd7 8. Nbd2 e5 9. Qb3 Kh8 10. g4 Qe8 11. g5 Nh7 12. 0-0-0 c6 13. gxh6 Bxh6 14. Nc4 Qe6 15. dxe5 Nc5 16. Qc2 b5 17. Nxd6 Qxa2 18. Nd4 Bg4 19. Rdg1 Bf3 20. Nxf3 Qd5 1-0

[Event "Khanty-Mansiysk Governor Cup-B 5th"]
[Site "Khanty-Mansiysk"]
[Date "2009.11.29"]
[Round "6"]
[White "Razgoniaev, Sergey"]
[Black "Usmanov, Ilnur"]
[Result "1/2-1/2"]
[WhiteElo "2101"]
[BlackElo "2013"]
[PlyCount "88"]
[EventDate "2009.11.24"]
[EventType "swiss"]
[EventRounds "11"]
[EventCountry "RUS"]
[SourceTitle "EXT 2011"]
[Source "ChessBase"]
[SourceDate "2010.11.26"]
[SourceVersion "1"]
[SourceVersionDate "2010.11.26"]
[SourceQuality "1"]

1. Nf3 d5 2. g3 Nf6 3. d4 Bf5 4. Bg2 e6 5. c4 c6 6. Nc3 h6 7. 0-0 Be7 8. Re1 0-0 9. Qb3 Qb6 10. Qxb6 axb6 11. cxd5 exd5 12. Bd2 Nbd7 13. a3 b5 14. Ne5 Nxe5 15. dxe5 Ng4 16. e4 dxe4 17. Bxe4 Be6 18. f4 Bc5+ 19. Kg2 Rfd8 20. Bc1 b4 21. axb4 Rxa1 22. bxc5 Ne3+ 23. Kf3 Nc4 24. Bb1 Kf8 25. f5 Bd5+ 26. Kf2 Re8 27. Bf4 Nxb2 28. e6 Nc4 29. Nxd5 cxd5 30. Bd6+ Kg8 31. e7 Nd2 32. Bd3 Rxe1 33. Kxe1 Nf3+ 34. Kf2 Nd4 35. Ke3 Nc6 36. f6 gxf6 37. Bb5 Kg7 38. Kf4 f5 39. Bxc6 bxc6 40. Kxf5 Ra8 41. Bc7 Re8 42. Bd6 Rc8 43. Bc7 Rg8 44. h3 Re8 1/2-1/2

[Event "Khanty-Mansiysk Governor Cup-B 5th"]
[Site "Khanty-Mansiysk"]
[Date "2009.11.24"]
[Round "1"]
[White "Mezhevov, Valentin"]
[Black "Razgoniaev, Sergey"]
[Result "0-1"]
[WhiteElo "2038"]
[BlackElo "2101"]
[PlyCount "76"]
[EventDate "2009.11.24"]
[EventType "swiss"]
[EventRounds "11"]
[EventCountry "RUS"]
[SourceTitle "EXT 2011"]
[Source "ChessBase"]
[SourceDate "2010.11.26"]
[SourceVersion "1"]
[SourceVersionDate "2010.11.26"]
[SourceQuality "1"]

1. e4 e6 2. d4 d5 3. exd5 exd5 4. Bd3 Nc6 5. c3 Bd6 6. Nf3 Bg4 7. 0-0 Nge7 8. Re1 Qd7 9. Bg5 f6 10. Bh4 0-0-0 11. Nbd2 Ng6 12. Bg3 Nce7 13. Qc2 Nf4 14. Bxf4 Bxf4 15. Rxe7 Qxe7 16. Bf5+ Kb8 17. Bxg4 h5 18. Re1 Bxh2+ 19. Kf1 Qd6 20. Re6 Qd7 21. Bh3 Bd6 22. Re2 Qc6 23. Bf5 g5 24. b4 Rde8 25. Rxe8+ Rxe8 26. a4 Bf4 27. b5 Qd6 28. Bg6 Rh8 29. Nb3 g4 30. Nh4 Bg5 31. Nf5 Qh2 32. g3 h4 33. Nxh4 Bxh4 34. gxh4 Rxh4 35. Qf5 g3 36. Qxf6 g2+ 37. Ke2 Rh8 38. Nd2 g1Q 0-1